KOHA-Header-6

Excellent Excel 1 Advanced with basic Control 200 to XP (Record no. 7555)

000 -LEADER
fixed length control field 00295nam a2200109Ia 4500
100 ## - MAIN ENTRY--AUTHOR NAME
Personal name S.Nadeem Shah
245 #0 - TITLE STATEMENT
Title Excellent Excel 1 Advanced with basic Control 200 to XP
260 ## - PUBLICATION, DISTRIBUTION, ETC. (IMPRINT)
Place of publication Karachi
Name of publisher Petiwala Book
Year of publication 2001
300 ## - PHYSICAL DESCRIPTION
Number of Pages 405
942 ## - ADDED ENTRY ELEMENTS (KOHA)
Koha item type Books
Holdings
Withdrawn status Lost status Collection code Permanent Location Current Location Shelving location Date acquired Full call number Accession Number Koha item type
      MAJU MAJU   2019-09-12 685.3 1464 Accounting

Powered by Koha